000 00269nam a2200109Ia 4500
008 190913s9999||||xx |||||||||||||| ||und||
100 _aFerrera, Lichtenstein
245 0 _aCyber Law text and cases
260 _aIndia
_bPrentice Hall
_c2000
300 _a521
942 _cBK
999 _c8296
_d8296